|
|
|
|
| LEADER |
00000nam0a2200000 4500 |
| 001 |
38311 |
| 005 |
20231101210505.0 |
| 035 |
|
|
|a (RuTPU)RU\TPU\book\39015
|
| 090 |
|
|
|a 38311
|
| 100 |
|
|
|a 20020228d1979 km y0rusy50 ca
|
| 101 |
0 |
|
|a rus
|
| 102 |
|
|
|a RU
|
| 105 |
|
|
|a a g 001zy
|
| 200 |
1 |
|
|a Справочник по муфтам
|f В. С. Поляков, И. Д. Барбаш, О. А. Ряховский
|
| 205 |
|
|
|a 2-е изд., испр. и доп.
|
| 210 |
|
|
|a Ленинград
|c Машиностроение
|d 1979
|
| 215 |
|
|
|a 343 с.
|c ил.
|
| 320 |
|
|
|a Библиогр.: с. 338-340.
|
| 320 |
|
|
|a Предм. указ.: с. 334-337.
|
| 330 |
|
|
|a В справочнике описаны конструкции современных механических, пневматических и электромагнитных соединительных муфт, широко применяемых в машиностроении. Рассмотрены конструкции муфт отечественного и зарубежного производства. Приведены сведения по новым прогрессивным конструкциям муфт. Справочник снабжен большим количеством примеров расчета муфт. Справочник рассчитан на инженерно-технических работников, конструкторов, работающих в различных отраслях машиностроения. Он также может быть полезен студентам вузов машиностроительных специальностей.
|
| 606 |
1 |
|
|a Муфты
|2 stltpush
|3 (RuTPU)RU\TPU\subj\72851
|9 86238
|
| 610 |
1 |
|
|a соединительные муфты
|
| 610 |
1 |
|
|a отечественные производители
|
| 610 |
1 |
|
|a зарубежные производители
|
| 610 |
1 |
|
|a конструкции
|
| 610 |
1 |
|
|a расчет
|
| 610 |
1 |
|
|a примеры
|
| 610 |
1 |
|
|a справочники
|
| 675 |
|
|
|a 621.825(035)
|v 3
|
| 700 |
|
1 |
|a Поляков
|b В. С.
|g Владимир Сергеевич
|
| 701 |
|
1 |
|a Барбаш
|b И. Д.
|g Иосиф Давидович
|
| 701 |
|
1 |
|a Ряховский
|b О. А.
|g Олег Анатольевич
|
| 801 |
|
1 |
|a RU
|b 63413507
|c 20020228
|g PSBO
|
| 801 |
|
2 |
|a RU
|b 63413507
|c 20220720
|g PSBO
|
| 942 |
|
|
|c BK
|